000 00808cam a2200265 4500500
005 20260405001643.0
041 _afre
042 _adc
100 1 0 _aLacroix, Alexandre
_eauthor
245 0 0 _a“La Vénus à la fourrure”: jouer à être esclave, pour devenir le maître
260 _c2013.
500 _a46
690 _aAlexandre Lacroix
690 _aAmalric
690 _aCinéma
690 _aDialectique du maître et de l’esclave
690 _aHegel
690 _aHommes-Femmes
690 _aMasochisme
690 _aPolanski
690 _aSacher-Masoch
690 _aThéâtre
786 0 _nPhilosophie magazine | 75 | 12 | 2013-12-01 | p. 7-7 | 1951-1787
856 4 1 _uhttps://shs.cairn.info/magazine-philosophie-magazine-2013-12-page-7?lang=fr&redirect-ssocas=7080
999 _c2049723
_d2049723